ՀՀ Գիտությունների ազգային ակադեմիայի հիմնարար գիտական գրադարան  =   Fundamental Scientific Library of NAS RA

Համառօտ տեսութիւն երկրի եւ լոյսի մասին / (Record no. 215472)

MARC details
000 -LEADER
fixed length control field 00697nam a2200181 u 4500
003 - CONTROL NUMBER IDENTIFIER
control field AM-YeHGA
005 - DATE AND TIME OF LATEST TRANSACTION
control field 20250618073204.0
008 - FIXED-LENGTH DATA ELEMENTS--GENERAL INFORMATION
fixed length control field 071105s1875 gs r 000 0 arm d
040 ## - CATALOGING SOURCE
Original cataloging agency AM-YeHGA
041 0# - LANGUAGE CODE
Language code of text/sound track or separate title arm
090 ## - LOCALLY ASSIGNED LC-TYPE CALL NUMBER (OCLC); LOCAL CALL NUMBER (RLIN)
-- 216991
245 00 - TITLE STATEMENT
Title Համառօտ տեսութիւն երկրի եւ լոյսի մասին /
Statement of responsibility, etc. Փոխադր.՝ Բ. Պեճիկեանցի.
260 ## - PUBLICATION, DISTRIBUTION, ETC.
Place of publication, distribution, etc. Թիֆլիս :
Name of publisher, distributor, etc. տպ. Համբարձում Էնֆիաճեանց եւ ընկ.,
Date of publication, distribution, etc. 1875.
300 ## - PHYSICAL DESCRIPTION
Extent 52 էջ ;
Dimensions 17 սմ.
650 14 - SUBJECT ADDED ENTRY--TOPICAL TERM
Topical term or geographic name entry element Աստղագիտություն
9 (RLIN) 18
856 41 - ELECTRONIC LOCATION AND ACCESS
Uniform Resource Identifier <a href="http://greenstone.flib.sci.am/gsdl/collect/haygirq/book/hamarot_tesutyun1875.pdf">http://greenstone.flib.sci.am/gsdl/collect/haygirq/book/hamarot_tesutyun1875.pdf</a>
Link text Կարդալ առցանց
942 ## - ADDED ENTRY ELEMENTS (KOHA)
Source of classification or shelving scheme Universal Decimal Classification
Koha item type Գրքեր / Books
Holdings
Withdrawn status Lost status Damaged status Not for loan Collection Home library Current library Date acquired Total checkouts Full call number Barcode Date last seen Price effective from Koha item type Public note
        General Fundamental Scientific Library Fundamental Scientific Library 28/12/2016   AI/13424 FL0052651 28/12/2016 28/12/2016 Գրքեր / Books 30 Days Loan
        General Fundamental Scientific Library Fundamental Scientific Library 28/12/2016   AI/2140 FL0036181 28/12/2016 28/12/2016 Գրքեր / Books 30 Days Loan


ՀՀ ԳԱԱ հիմնարար գիտական գրադարան
ՀՀ,Երևան 0019
Մարշալ Բաղրամյան 24/6
հեռախոս:(374-10) 52-47-50
Հետադարձ կապ

All site content, except where otherwise noted, is licensed under a
Creative Commons License